តារាទៅបណ្ណាល័យ / (Record no. 8689)

MARC details
000 -LEADER
fixed length control field 01672nam a22002777a 4500
001 - CONTROL NUMBER
control field 8689
003 - CONTROL NUMBER IDENTIFIER
control field FISKH
005 - DATE AND TIME OF LATEST TRANSACTION
control field 20251010141906.0
008 - FIXED-LENGTH DATA ELEMENTS--GENERAL INFORMATION
fixed length control field 251010b cb ||||| |||| 00| 0 eng d
040 ## - CATALOGING SOURCE
Original cataloging agency FISKH
Language of cataloging khr
Transcribing agency FISKH
Modifying agency FISKH
050 ## - LIBRARY OF CONGRESS CALL NUMBER
Classification number PZ7
082 ## - DEWEY DECIMAL CLASSIFICATION NUMBER
Classification number 028.5
100 ## - MAIN ENTRY--PERSONAL NAME
Personal name Ministry of Education , Youth and Sport
245 ## - TITLE STATEMENT
Title តារាទៅបណ្ណាល័យ /
Statement of responsibility, etc. ក្រសួងអប់រំ យុវជន និងកីឡា
260 ## - PUBLICATION, DISTRIBUTION, ETC.
Place of publication, distribution, etc. ភ្នំពេញ :
Name of publisher, distributor, etc. ក្រសួងអប់រំ យុវជន និងកីឡា ,
300 ## - PHYSICAL DESCRIPTION
Extent 8 pages :
Other physical details color illustrations ;
Dimensions 25 cm .
505 ## - FORMATTED CONTENTS NOTE
Formatted contents note F <br/>
520 ## - SUMMARY, ETC.
Summary, etc. ដារាកំពុងលេងលាសម្រាប់បង្កើតរថយន្តលាពីលា។ ម្តាយរបស់គាត់បានប្រាប់ឲ្យគាត់ទៅបណ្ណាល័យ។ គាត់បានរកឃើញសៀវភៅគាត់ចូលចិត្តហើយមិនបានចេញលេងទេ។ សៀវភៅដែលទាក់ទាញចិត្តគាត់បំផុតគឺអំពីរថយន្ត។
520 ## - SUMMARY, ETC.
Summary, etc. Dara was playing with the clay to make a clay car. His mother told him to visit the library. He found his interesting book and didn't go out to play. The book that got all his attention was about car.
521 8# - TARGET AUDIENCE NOTE
Target audience note 300 <br/>
Source Lexile estimate <br/>
521 8# - TARGET AUDIENCE NOTE
Target audience note F <br/>
Source Raz-Plus <br/>
650 ## - SUBJECT ADDED ENTRY--TOPICAL TERM
Topical term or geographic name entry element តារាទៅបណ្ណាល័យ
Form subdivision រឿងនិទានកុមារ
650 ## - SUBJECT ADDED ENTRY--TOPICAL TERM
Topical term or geographic name entry element Dara goes to library
Form subdivision Children's Stories
942 ## - ADDED ENTRY ELEMENTS (KOHA)
Source of classification or shelving scheme Dewey Decimal Classification
Koha item type Khmer Books
Suppress in OPAC No
Holdings
Withdrawn status Lost status Source of classification or shelving scheme Damaged status Not for loan Collection Home library Current library Shelving location Date acquired Total Checkouts Full call number Barcode Date last seen Copy number Price effective from Koha item type Date last checked out
    Dewey Decimal Classification     Khmer Language Books / សៀវភៅភាសាខ្មែរ Footprints International School Library Network Toul Tom Poung Campus Footprints International School Library Network Toul Tom Poung Campus TTP Primary Khmer Bookshelves 10/10/2025   MIN PZ7 028.5 FISBK03443 10/10/2025 1 10/10/2025 Khmer Books  
    Dewey Decimal Classification     Khmer Language Books / សៀវភៅភាសាខ្មែរ Footprints International School Library Network Toul Tom Poung Campus Footprints International School Library Network Toul Tom Poung Campus TTP Primary Khmer Bookshelves 10/10/2025 1 MIN PZ7 028.5 FISBK03487 03/11/2026 2 10/10/2025 Khmer Books 03/11/2026
    Dewey Decimal Classification     Khmer Language Books / សៀវភៅភាសាខ្មែរ Footprints International School Library Network Toul Tom Poung Campus Footprints International School Library Network Toul Tom Poung Campus TTP Primary Khmer Bookshelves 11/27/2025   MIN PZ7 028.5 2025-4948 11/27/2025 3 11/27/2025 Khmer Books  
    Dewey Decimal Classification     Khmer Language Books / សៀវភៅភាសាខ្មែរ Footprints International School Library Network Toul Tom Poung Campus Footprints International School Library Network Toul Tom Poung Campus TTP Primary Khmer Bookshelves 03/23/2026   MIN PZ7 028.5 FISBK03468 03/23/2026 4 03/23/2026 Khmer Books  
    Dewey Decimal Classification     Khmer Language Books / សៀវភៅភាសាខ្មែរ Footprints International School Library Network Toul Tom Poung Campus Footprints International School Library Network Toul Tom Poung Campus TTP Primary Khmer Bookshelves 03/26/2026   MIN PZ7 028.5 FISBK03464 03/26/2026 5 03/26/2026 Khmer Books